000 03305nam0a2200445 4500
001 RU\NLR\BIBL_A\012318213
005 20260407115651.0
035 _a(NLR Aleph) 012318213
090 _a11407693
_c11407693
100 _a20181024d1900 |||y0rusy50 ca
101 0 _arus
102 _aRU
105 _ay z 000zy
200 1 _aО смете доходов и расходов Департамента Земледелия с Отделами Сельской Экономии и Сельскохозяйственной Статистики и Земельных Улучшений на 1901 год
_eсмета, с следующими к ней приложениями, разослана Членам Государственного Совета в печатных экземплярах
_fГосударственный Совет в Департаменте государственной экономии. Министерство Земледелия и Государственных Имуществ. 23 ноября 1900 года. № 298
210 _a[Санкт-Петербург
_cб. и.]
_d1900
215 _a14 с.
_d33
300 _aВ конце текста: Подписали: Д. Сольский, М. Маркус, Ф. Тернер [и др.]; Скрепил: Статс-секретарь Рухлов
300 _aНа 1-й, 5-й, 9-й, 13-й с.: MCLXXXIII, 1
309 _aБез тит. л. и обл.
601 0 1 _aРоссия
_bГосударственный совет
_jДокументы и материалы
_91310059
_3RU\NLR\AUTH\66543327
601 0 1 _aРоссия
_bМинистерство земледелия и государственных имуществ
_jДокументы и материалы
_92415702
_3RU\NLR\AUTH\6601657893
606 1 _aМинистерства
_jДокументы и материалы
_xСметы
_yРоссия
_92448114
_3RU\NLR\AUTH\6601673483
686 3 _aУ26(28)132.4,011
686 3 _aХ809(2)64,011
686 3 _aУ32(28)-212.113.2,011
686 3 _aХ819(2)011.18,011
702 1 _4720
_8rus
_7ca
_aСольский
_bД. М.
_cгос. деятель
_f1833-1910
_gДмитрий Мартынович
_3RU\NLR\AUTH\7783181
_966109
702 1 _4720
_7ca
_8rus
_aМаркус
_bВ. М.
_f1826-1901
_gВладимир Михайлович
_9197462
_3RU\NLR\AUTH\770197513
702 1 _4720
_7ca
_8rus
_aТернер
_bФ. Г.
_cгос. деятель
_f1828-1906
_gФедор Густавович
_9156929
_3RU\NLR\AUTH\770156969
702 1 _4720
_7ca
_8rus
_aРухлов
_bС. В.
_f1852-1918
_gСергей Васильевич
_9197465
_3RU\NLR\AUTH\770197516
710 0 1 _aРоссия
_bДепартамент земледелия
_3RU\NLR\AUTH\889929716
_9354964
711 0 1 _4570
_aРоссия
_bМинистерство земледелия и государственных имуществ
_3RU\NLR\AUTH\889941169
_9377192
711 0 1 _aРоссия
_bГосударственный совет
_3RU\NLR\AUTH\889948587
_9392796
712 0 1 _4570
_aРоссия
_bДепартамент государственной экономии
_3RU\NLR\AUTH\889933514
_9362122
852 _aNLR
_j135/294-353 (24)
942 _cBOOK
980 _aNB